书目信息 |
| 题名: |
信息资源检索与毕业论文写作
|
|
| 作者: | 刘哲 , 孙囡妮 , 杨扬 编著 | |
| 分册: | ||
| 出版信息: | 北京 中国商业出版社 2020.06 |
|
| 页数: | 250页 | |
| 开本: | 24cm | |
| 丛书名: | ||
| 单 册: | ||
| 中图分类: | G254.9 | |
| 科图分类: | ||
| 主题词: | 信息检索--xin xi jian suo--基本知识 , 信息检索--xin xi jian suo--毕业论文--写作 | |
| 电子资源: | ||
| ISBN: | 978-7-5208-1167-5 | |
| 000 | 01006nam0 2200265 450 | |
| 001 | 0109110127 | |
| 005 | 20201109110336.0 | |
| 010 | @a978-7-5208-1167-5@dCNY88.00 | |
| 100 | @a20200911d2020 em y0chiy50 ea | |
| 101 | 0 | @achi |
| 102 | @aCN@b110000 | |
| 105 | @ay z 000yy | |
| 106 | @ar | |
| 200 | 1 | @a信息资源检索与毕业论文写作@Axin xi zi yuan jian suo yu bi ye lun wen xie zuo@f刘哲, 孙囡妮, 杨扬编著 |
| 210 | @a北京@c中国商业出版社@d2020.06 | |
| 215 | @a250页@d24cm | |
| 330 | @a本书内容包括以下9个部分:信息资源检索基础知识、现代化图书馆及其资源利用、常见中文数据库及其检索、外文主要数据库及其检索、特种文献检索、网络信息资源检索、信息法规与信息道德、毕业论文写作的基本要素等。 | |
| 606 | 0 | @a信息检索@Axin xi jian suo@x基本知识 |
| 606 | 0 | @a信息检索@Axin xi jian suo@x毕业论文@x写作 |
| 690 | @aG254.9@v5 | |
| 701 | 0 | @a刘哲@Aliu zhe@4编著 |
| 701 | 0 | @a孙囡妮@Asun nan ni@4编著 |
| 701 | 0 | @a杨扬@Ayang yang@4编著 |
| 801 | 0 | @aCN@bBJSZM@c20201103 |
| 905 | @b1267651-3@dG254.9@e151@f3 | |
| 信息资源检索与毕业论文写作/刘哲, 孙囡妮, 杨扬编著.-北京:中国商业出版社,2020.06 |
| 250页;24cm |
| ISBN 978-7-5208-1167-5:CNY88.00 |
| 本书内容包括以下9个部分:信息资源检索基础知识、现代化图书馆及其资源利用、常见中文数据库及其检索、外文主要数据库及其检索、特种文献检索、网络信息资源检索、信息法规与信息道德、毕业论文写作的基本要素等。 |
| ● |
| 相关链接 |
|
|
|
|
正题名:信息资源检索与毕业论文写作
索取号:G254.9/151
 
预约/预借
| 序号 | 登录号 | 条形码 | 馆藏地/架位号 | 状态 | 备注 |
| 1 | 1267651 | 212676512 | 第一样本阅览室/ [索取号:G254.9/151] | 在馆 | |
| 2 | 1267652 | 212676521 | 第四借阅区/ [索取号:G254.9/151] | 在馆 | |
| 3 | 1267653 | 212676530 | 第四借阅区/ [索取号:G254.9/151] | 在馆 |